000 00820nam a22002537a 4500
999 _c1063
_d1063
003 AR-CdUCM
008 190226b ||||| |||| 00| 0 spa d
040 _aMUNICIPALIDAD PROVINCIAL DEL CUSCO
_cBIBLIOTECA MUNICIPAL DEL CUSCO
082 _a987 /
_bOL42
100 _aDe Olavarriaga, Pedro José
_94152
245 _aInstrucción general y particular del estado presente de la provincia de Venezuela en los años de 1720 y 1721 /
260 _aVenezuela :
_bCarvajal S. A. ;
_c1981.
300 _a218 páginas
_c19cm
440 _aCAURA
_94153
505 _aPolítica de Venezuela
650 _adimensiones
_94154
650 _acomercio
_9322
650 _aEstado
_9738
650 _aproyectos
_94155
650 _atierras
_92313
710 _aCADAFE
_94156
942 _2ddc
_cLIBROS
945 _anom
_d2019-02-26